LEADER 01492nam a2200337 u 4500 001 000000009528 003 CaOOAMICUS 005 20070226105220.0 008 941017s1992 fr u000 u fre u 020 $a2701012546 035 $a10239444 040 $aEFR(R)$bita$dPUL(R) 100 1 $aHeim, François.$0(OLS)http://pul/name/9408 245 13$aLa théologie de la victoire, de Constantin à Théodose /$cpar François Heim. 260 $aParis :$bBeauchesne,$cc1992. 300 $axv, 347 p. ;$c22 cm 490 1 $aThéologie historique ;$v89 500 $aComprende indici. 504 $aBibliografia: p. [1]-18. 650 4$aCristianesimo e impero romano.$0(OLS)http://pul/subject/4353 651 4$aRoma$xStoria$yImpero, 284-476.$0(OLS)http://pul/subject/821 651 4$aRoma$xStoria$yTheodosius I, 347-395.$0(OLS)http://pul/subject/7861 651 4$aRoma$xStoria$yConstantinus Magnus, 306-337.$0(OLS)http://pul/subject/7862 830 0$aThéologie historique,$x0563-4253 ;$v89.$0(OLS)http://pul/title/4061 850 $aPUL 852 $aPUL$W1$xSL Religione 2$y84$mTheol A9 89$j13498$nBK-PRI$b $qStampati altre collocazioni$B13498$CPULBib$Z2$F13498 $H $81 941 1 $a10 961 $aINV: 69728 996 $6020$a2701012546$9(OLS)http://pul/number/12225 996 $6245$aLa théologie de la victoire, de Constantin à Théodose$9(OLS)http://pul/title/13969 996 $6260$aParis :$bBeauchesne$9(OLS)http://pul/publisher/48115 LEADER 01389nam a2200301 u 4500 001 000000009880 003 CaOOAMICUS 005 20070226105243.0 008 940513s1926 be bf u000 u lat u 035 $a10247008 040 $aXAV$bita$cXAV$dm/c 100 1 $aCreusen, Joseph,$cS.I.,$d1880-1960.$0(OLS)http://pul/name/9729 245 10$aTabulae fontium traditionis Christianae ad annum 1926 /$cJ. Creusen et F. van Eyen. 250 $aEd. altera. 260 $aLouvain :$bEditions du Museum Lessianum,$c1926. 300 $a17 p., 10, 2 folded leaves :$b2 maps ;$c36 cm 490 1 $aMuseum Lessianum.$aSection théologique ;$vno 14 500 $aIncludes indexes. 504 $aBibliography: p. 4. 610 20$aCatholic Church.$xHistory$xChronology.$2//eng$0(OLS)http://pul/subject/8039 650 4$aChiesa$xStoria$xCronologia.$0(OLS)http://pul/subject/8040 700 1 $aEyen, F. van.$0(OLS)http://pul/name/9730 830 0$aMuseum Lessianum.$pSection théologique ;$vno 14.$0(OLS)http://pul/title/11622 850 $aPUL 852 $aPUL$W1$xDP1 Fondo Cecchetti$y53$m282 H 2$j14024$nBK-PRI$b $qFondi$B14024$CPULBib$Z2$F14024 $HPUL5470 $81 941 1 $a1 996 $6245$aTabulae fontium traditionis Christianae ad annum 1926$9(OLS)http://pul/title/14455 996 $6260$aLouvain :$bEditions du Museum Lessianum$9(OLS)http://pul/publisher/52654